000 01015cam a2200133 4500500
005 20260329023158.0
041 _afre
042 _adc
100 1 0 _aMazzucchi, Nicolas
_eauthor
245 0 0 _aEnergie : Ressources, technologies et enjeux de pouvoir
260 _bArmand Colin,
_c2017.
520 _aCharbon, pétrole, gaz ou nucléaire, l’énergie est au cœur des sociétés et des grands enjeux internationaux. Du Golfe arabo-persique à Wall Street en passant par les réseaux électriques européens, les raffineries asiatiques ou la COP21, l’énergie est une composante majeure des dynamiques internationales et des rivalités qui les sous-tendent. Pour mieux comprendre les relations complexes qui lient États, entreprises et organisations internationales, cet ouvrage propose une analyse approfondie des enjeux de pouvoir structurant le secteur de l’énergie, sur l’ensemble de la planète.
856 4 1 _uhttps://shs.cairn.info/energie--9782200615932?lang=fr&redirect-ssocas=7080
999 _c1925275
_d1925275